000 00624nam a2200193 i 4500
001 125032
003 ES-MaACL
005 20230906192535.0
007 t|
008 070426s1934 sp ||||1| spa d
245 0 3 _aLa Clínica del Trabajo del Instituto Nacional de Previsión.
250 _a2ª ed.
260 _aMadrid :
_b[s.n.],
_c1934 (
_fUnión Poligráfica)
300 _a47 p. :
_bil. ;
_c21 cm.
490 1 _aPublicaciones del Instituto Nacional de Previsión ;
_v410
830 0 _aPublicaciones del Instituto Nacional de Previsión ;
_v410
_9181151
852 _aES-MaACL
_jC-12645(1)
999 _c125032
_d125032